000
00212 a2200097 4500
020
_a
9781501116858
041
_a
eng
100
_a
Sullivan, Mathew
245
_a
Midnight at the Bright Ideas Bookstore
942
_c
BK
999
_c
31708
_d
31706